000 00923nam a22002417a 4500
005 20130729154848.0
008 130729b2009 ck ||||| |||| 00| 0 spa d
041 _aspa
044 _ack
082 _a333.9164
_bC73c
110 2 _aComisión Colombiana del Océano
_91077
245 1 0 _aComisión Colombiana del Océano :
_b"40 años comprometidos con los mares y costas del país".
260 _aBogotá
_bMinisterio de Ambiente, Vivienda y Desarrollo Territorial,
_c2009
300 _a126 p.,
_bil., mapas.
_c28 cm.
504 _aIncluye referencias bibliográficas
610 2 4 _aComisión Colombiana del Océano
_xactividades
_91078
610 2 4 _aComisión Colombiana del Océano
_xhistoria
_91079
650 4 _aPolítica ambiental.
_zColombia
_9702
650 4 _aRecursos marinos
_zColombia
_91080
650 6 _aMedio ambiente marino
_91081
650 6 _aManejo integrado de zonas costeras
_91082
942 _2ddc
_cImpreso
999 _c7482
_d7482